[Event "St Veit op 25th"]
[Site "St Veit"]
[Date "2006.07.14"]
[Round "7"]
[White "Praznik, Anton"]
[Black "Valent, Peter"]
[Result "1-0"]
[WhiteElo "2317"]
[BlackElo "2084"]
[PlyCount "105"]
[EventDate "2006.07.08"]
[EventType "swiss"]
[EventRounds "9"]
[EventCountry "AUT"]
[SourceTitle "CBM 113 Extra"]
[Source "ChessBase"]
[SourceDate "2006.09.14"]
[SourceVersion "1"]
[SourceVersionDate "2006.09.14"]
[SourceQuality "1"]

1. e4 d6 2. d4 Nf6 3. f3 Nbd7 4. Be3 e5 5. c4 Be7 6. Ne2 exd4 7. Nxd4 Nc5 8. b4 Na6 9. a3 c5 10. Nc2 0-0 11. Be2 Be6 12. b5 Nc7 13. a4 Nd7 14. Nd2 f5 15. exf5 Bxf5 16. 0-0 Qe8 17. f4 Qg6 18. Ne1 Nf6 19. Kh1 Bg4 20. Bf3 Rad8 21. h3 Bxf3 22. Qxf3 d5 23. f5 Qf7 24. Rc1 b6 25. Nd3 Bd6 26. Bf4 Bxf4 27. Nxf4 Rfe8 28. g4 dxc4 29. Nxc4 Rd4 30. Ne3 Nfd5 31. Nexd5 Nxd5 32. Ne6 Rd2 33. Rce1 Qd7 34. Re5 Nf6 35. Rfe1 Qd6 36. Qb7 Nd7 37. Kg1 c4 38. R5e2 Qg3+ 39. Qg2 Qxg2+ 40. Kxg2 Rxe2+ 41. Rxe2 Rc8 42. Nd4 Nb8 43. Kf3 a6 44. Re7 axb5 45. axb5 c3 46. Ke3 Rc5 47. Re8+ Kf7 48. Rxb8 c2 49. Nxc2 Rxb5 50. Nd4 Rb1 51. g5 Rh1 52. Rb7+ Kg8 53. Ne6 1-0

[Event "RCCA-Jub10 A corr"]
[Site "RCCA email"]
[Date "2003.06.01"]
[Round "?"]
[White "Coleman, Peter L"]
[Black "Valent, Peter"]
[Result "1/2-1/2"]
[WhiteElo "2566"]
[BlackElo "2566"]
[PlyCount "101"]
[EventDate "2003.06.01"]
[EventType "tourn (corr)"]
[EventRounds "12"]
[EventCountry "RUS"]
[SourceTitle "Corr 2008"]
[Source "ChessBase"]
[SourceDate "2008.06.24"]
[SourceVersion "1"]
[SourceVersionDate "2008.06.24"]
[SourceQuality "1"]

1. e4 c5 2. Nf3 d6 3. d4 cxd4 4. Nxd4 Nf6 5. Nc3 a6 6. Be2 e5 7. Nb3 Be7 8. 0-0 0-0 9. Kh1 Nc6 10. Be3 Be6 11. Qd2 d5 12. exd5 Nxd5 13. Nxd5 Qxd5 14. Qxd5 Bxd5 15. Rad1 Be6 16. Nc5 Bxc5 17. Bxc5 Rfc8 18. Rfe1 Nd4 19. Bxd4 exd4 20. Bd3 Rc7 21. h3 Rd8 22. Kh2 g6 23. g4 b5 24. a3 Rd6 25. Kg3 Kg7 26. Rd2 Bc4 27. f4 h6 28. Be4 f6 29. Red1 Rcd7 30. h4 a5 31. h5 f5 32. gxf5 gxh5 33. Kh4 Kf6 34. Rg1 Bf7 35. Bd3 b4 36. axb4 axb4 37. Rdg2 Rd8 38. b3 Ra8 39. Rg7 Rh8 40. R7g6+ Bxg6 41. fxg6 Rdd8 42. f5 Rhg8 43. Bc4 Rg7 44. Ra1 Kxf5 45. Kxh5 Rc7 46. Rf1+ Ke5 47. Kxh6 Rh8+ 48. Kg5 Rh3 49. Rf5+ Ke4 50. Bd3+ Rxd3 51. cxd3+ 1/2-1/2

[Event "RCCA-Jub10 A corr"]
[Site "RCCA email"]
[Date "2003.06.01"]
[Round "?"]
[White "Grigoryev, Valery Borisovich"]
[Black "Valent, Peter"]
[Result "1/2-1/2"]
[WhiteElo "2513"]
[BlackElo "2566"]
[PlyCount "45"]
[EventDate "2003.06.01"]
[EventType "tourn (corr)"]
[EventRounds "12"]
[EventCountry "RUS"]
[SourceTitle "Corr 2008"]
[Source "ChessBase"]
[SourceDate "2008.06.24"]
[SourceVersion "1"]
[SourceVersionDate "2008.06.24"]
[SourceQuality "1"]

1. e4 c5 2. Nf3 d6 3. d4 cxd4 4. Nxd4 Nf6 5. Nc3 a6 6. Bg5 e6 7. f4 Be7 8. Qf3 Qc7 9. 0-0-0 h6 10. Bh4 Nbd7 11. Qg3 g5 12. fxg5 Nh5 13. Qe3 Qc5 14. Kb1 hxg5 15. Bf2 b5 16. a3 Bb7 17. Qh3 Rh7 18. Qd3 Ne5 19. Qe2 Qc7 20. h3 Nf4 21. Qd2 Nfg6 22. Be2 Nf4 23. Bf1 1/2-1/2

[Event "RCCA-Jub10 A corr"]
[Site "RCCA email"]
[Date "2003.06.01"]
[Round "?"]
[White "Valent, Peter"]
[Black "Balabaev, Farit Gasisovich"]
[Result "0-1"]
[WhiteElo "2566"]
[BlackElo "2648"]
[PlyCount "68"]
[EventDate "2003.06.01"]
[EventType "tourn (corr)"]
[EventRounds "12"]
[EventCountry "RUS"]
[SourceTitle "Corr 2008"]
[Source "ChessBase"]
[SourceDate "2008.06.24"]
[SourceVersion "1"]
[SourceVersionDate "2008.06.24"]
[SourceQuality "1"]

1. e4 c5 2. Nf3 Nc6 3. d4 cxd4 4. Nxd4 Nf6 5. Nc3 e5 6. Ncb5 exd4 7. Bf4 d6 8. Qd3 Be7 9. Be2 Qa5+ 10. c3 dxc3 11. Nxc3 Be6 12. 0-0 d5 13. e5 Nd7 14. a3 g5 15. b4 Qd8 16. Bg3 Ndxe5 17. Qd2 d4 18. Rfd1 0-0 19. b5 f5 20. bxc6 Nxc6 21. Bf3 f4 22. Bxf4 Rxf4 23. Bxc6 bxc6 24. Ne2 Re4 25. Qc2 Rxe2 26. Qxe2 Bf7 27. Rf1 d3 28. Qe4 c5 29. Rab1 Bf6 30. Rfc1 Rc8 31. Qe3 Qd4 32. Qf3 c4 33. Rd1 Rd8 34. Rb4 Qf4 0-1

[Event "RCCA-Jub10 A corr"]
[Site "RCCA email"]
[Date "2003.06.01"]
[Round "?"]
[White "Valent, Peter"]
[Black "Gilimshin, Azamat Ulfatovich"]
[Result "1-0"]
[WhiteElo "2566"]
[BlackElo "2590"]
[PlyCount "81"]
[EventDate "2003.06.01"]
[EventType "tourn (corr)"]
[EventRounds "12"]
[EventCountry "RUS"]
[SourceTitle "Corr 2008"]
[Source "ChessBase"]
[SourceDate "2008.06.24"]
[SourceVersion "1"]
[SourceVersionDate "2008.06.24"]
[SourceQuality "1"]

1. e4 c5 2. Nf3 Nc6 3. d4 cxd4 4. Nxd4 Nf6 5. Nc3 e5 6. Ndb5 d6 7. Bg5 a6 8. Na3 b5 9. Bxf6 gxf6 10. Nd5 f5 11. Bd3 Be6 12. 0-0 Bxd5 13. exd5 Ne7 14. Nxb5 Bg7 15. Nc3 e4 16. Bc4 Ng6 17. Qh5 Qc8 18. Bb3 0-0 19. Rae1 Re8 20. f4 Bxc3 21. bxc3 Qxc3 22. Qxf5 Qd4+ 23. Kh1 a5 24. a4 e3 25. Re2 Rab8 26. g3 Re7 27. Rfe1 f6 28. Kg2 Nh8 29. Rc1 Nf7 30. c3 Nh6 31. Qc2 Qc5 32. Rce1 Reb7 33. Ba2 Rb2 34. Qd3 f5 35. h3 Qa3 36. Bb1 Qxa4 37. Bc2 Qa2 38. g4 Kg7 39. Kg3 a4 40. g5 Ng8 41. Qxf5 1-0

[Event "Bad Woerishofen op 19th"]
[Site "Bad Woerishofen"]
[Date "2003.03.18"]
[Round "6"]
[White "Valent, Peter"]
[Black "Schiessl, Siegfried"]
[Result "0-1"]
[WhiteElo "2086"]
[BlackElo "1789"]
[PlyCount "50"]
[EventDate "2003.03.13"]
[EventType "swiss"]
[EventRounds "9"]
[EventCountry "GER"]
[SourceTitle "CBM 093 Extra"]
[Source "ChessBase"]
[SourceDate "2003.05.09"]
[SourceVersion "1"]
[SourceVersionDate "2003.05.09"]
[SourceQuality "1"]

1. e4 g6 2. d4 Bg7 3. Nf3 c6 4. Bd3 d6 5. 0-0 Qc7 6. Be3 Nd7 7. c3 Ngf6 8. Qd2 0-0 9. h3 e5 10. Bh6 Re8 11. Bxg7 Kxg7 12. Re1 Nb6 13. Na3 Nh5 14. dxe5 dxe5 15. Bf1 Bd7 16. Rad1 Rad8 17. Qc1 Nf4 18. Nc2 Qc8 19. Kh2 h6 20. Nxe5 Nxg2 21. Nxd7 Nxe1 22. Nxb6 Qc7+ 23. f4 Rxd1 24. Qxd1 Qxf4+ 25. Kh1 Qxf1+ 0-1

[Event "Bad Woerishofen op 19th"]
[Site "Bad Woerishofen"]
[Date "2003.03.13"]
[Round "1"]
[White "Savchenko, Stanislav"]
[Black "Valent, Peter"]
[Result "1/2-1/2"]
[WhiteElo "2539"]
[BlackElo "2078"]
[PlyCount "34"]
[EventDate "2003.03.13"]
[EventType "swiss"]
[EventRounds "9"]
[EventCountry "GER"]
[SourceTitle "CBM 093 Extra"]
[Source "ChessBase"]
[SourceDate "2003.05.09"]
[SourceVersion "1"]
[SourceVersionDate "2003.05.09"]
[SourceQuality "1"]

1. d4 Nf6 2. Nf3 e6 3. c4 Bb4+ 4. Bd2 Qe7 5. g3 Nc6 6. Nc3 e5 7. dxe5 Nxe5 8. Nxe5 Qxe5 9. Bg2 0-0 10. 0-0 d6 11. Rc1 a6 12. a3 Bc5 13. b4 Ba7 14. e3 c6 15. h3 Bf5 16. Qe2 Rfe8 17. Rfd1 Rad8 1/2-1/2